| Tag |
First Indicator |
Second Indicator |
Subfields |
| LEADER |
00000cam a2200000Ia 4500 |
| 001 |
in00001732012 |
| 005 |
20211202195139.0 |
| 007 |
he bmb024bbca |
| 008 |
930121s1992 ncua bb f000 0 eng d |
| 035 |
|
|
|a (OCoLC)ocm27302407
|
| 040 |
|
|
|a GPO
|c GPO
|d ORE
|d OCL
|d GPO
|d MvI
|d UtOrBLW
|
| 043 |
|
|
|a n-us-sc
|
| 049 |
|
|
|a UMIC
|
| 049 |
|
|
|a WWW
|
| 074 |
|
|
|a 0083-B (MF)
|
| 074 |
|
|
|a 0083-B (online)
|
| 086 |
0 |
|
|a A 13.78:SE-284
|
| 100 |
1 |
|
|a Sheffield, Raymond M.
|
| 245 |
1 |
0 |
|a Hurricane Hugo :
|b effects on South Carolina's forest resource /
|c Raymond M. Sheffield and Michael T. Thompson.
|
| 264 |
|
1 |
|a Asheville, N.C. :
|b [Southeastern Forest Experiment Station],
|c [1992]
|
| 300 |
|
|
|a iv, 51 pages :
|b illustrations ;
|c 28 cm.
|
| 336 |
|
|
|a text
|b txt
|2 rdacontent
|
| 337 |
|
|
|a microform
|b h
|2 rdamedia
|
| 338 |
|
|
|a microfiche
|b he
|2 rdacarrier
|
| 490 |
1 |
|
|a Research paper SE ;
|v 284
|
| 500 |
|
|
|a Distributed to depository libraries in microfiche.
|
| 500 |
|
|
|a Shipping list number: 92-1792-M.
|
| 500 |
|
|
|a "June 1992"--P. [2] of cover.
|
| 504 |
|
|
|a Includes bibliographical references (page 20).
|
| 533 |
|
|
|a Microfiche.
|b [Washington, D.C.?] :
|c Supt. of Docs., U.S. G.P.O.,
|d [1992]
|e 1 microfiche : negative.
|
| 530 |
|
|
|a Also available from the Southern Research Station website. Address as of 1/31/2003: http://www.srs.fs.usda.gov/pubs/rp/rpse284.pdf; current access via PURL.
|
| 500 |
|
|
|a Microform.
|
| 650 |
|
0 |
|a Hurricane Hugo, 1989
|x Environmental aspects
|z South Carolina.
|
| 650 |
|
0 |
|a Forest surveys
|z South Carolina.
|
| 650 |
|
4 |
|a Forests and forestry
|z South Carolina.
|
| 700 |
1 |
|
|a Thompson, Michael T.
|
| 710 |
2 |
|
|a Southeastern Forest Experiment Station (Asheville, N.C.)
|
| 830 |
|
0 |
|a Research paper SE ;
|v 284.
|
| 856 |
4 |
1 |
|u https://purl.fdlp.gov/GPO/LPS26391
|t 0
|
| 999 |
|
|
|a MARS
|
| 999 |
f |
f |
|s aa4ae1ab-2172-3875-a862-d1767bbe7d3d
|i f5d64266-659e-35c5-914a-4cd4f023666d
|t 0
|
| 952 |
f |
f |
|a Texas A&M University
|b College Station
|c Electronic Resources
|d Available Online
|t 0
|e A 13.78:SE-284
|h Superintendent of Documents classification
|
| 952 |
f |
f |
|a Texas A&M University
|b College Station
|c Sterling C. Evans Library
|d Evans: US Documents Microfiche (3rd floor)
|t 0
|e A 13.78:SE-284
|h Superintendent of Documents classification
|
| 998 |
f |
f |
|a A 13.78:SE-284
|t 0
|l Available Online
|
| 998 |
f |
f |
|a A 13.78:SE-284
|t 0
|l Evans: US Documents Microfiche (3rd floor)
|